000 01096nabaa22002057a 4500
999 _c6174
_d6174
003 OSt
005 20260123231916.0
008 190701b xxu||||| |||| 00| 0 spa d
040 _cPJ
100 _96286
_aDuizeide, Santiago G.
245 1 3 _aEl reclamo administrativo previo y la pretensión judicial del particular frente al silencio de la administración :
_bun largo camino que vulnera la tutela judicial efectiva /
_cSantiago Duizeide.
300 _ap. 51-56
500 _aCita: TR LALEY AR/DOC/1106/2024
505 _aSumario: I. Introducción.— II. La modificación del art. 31. Opiniones encontradas.— III. El silencio de la Administración.— IV. La tutela judicial efectiva. Una garantía fundamental vulnerada.— V. Reflexiones finales.
505 _t¿Te interesa el texto completo? Comunicate al correo: koha@justierradelfuego.gov.ar
650 0 _9211
_aDERECHO ADMINISTRATIVO
650 0 _93637
_aTUTELA JUDICIAL EFECTIVA
773 0 _02842
_93251
_dBuenos Aires : AbeledoPerrot, 2012-
_oDA121
_tDerecho administrativo. Nº 153 mayo/junio 2024
_z18510590
942 _2udc
_cANA